Russia's Cold War : (Record no. 15227)
[ view plain ]
| 000 -LEADER | |
|---|---|
| fixed length control field | 01291cam a2200289 a 4500 |
| 001 - CONTROL NUMBER | |
| control field | 16305331 |
| 005 - DATE AND TIME OF LATEST TRANSACTION | |
| control field | 20170105102913.0 |
| 008 - FIXED-LENGTH DATA ELEMENTS--GENERAL INFORMATION | |
| fixed length control field | 100625s2011 ctu b 001 0 eng |
| 010 ## - LIBRARY OF CONGRESS CONTROL NUMBER | |
| LC control number | 2010026281 |
| 020 ## - INTERNATIONAL STANDARD BOOK NUMBER | |
| International Standard Book Number | 9780300159974 (cloth : alk. paper) |
| 040 ## - CATALOGING SOURCE | |
| Original cataloging agency | DLC |
| Transcribing agency | DLC |
| 043 ## - GEOGRAPHIC AREA CODE | |
| Geographic area code | e-ur--- |
| 050 00 - LIBRARY OF CONGRESS CALL NUMBER | |
| Classification number | DK266.45 |
| Item number | .H37 2011 |
| 082 00 - DEWEY DECIMAL CLASSIFICATION NUMBER | |
| Classification number | 327.47009/04 |
| Edition number | 22 |
| 100 1# - MAIN ENTRY--PERSONAL NAME | |
| Personal name | Haslam, Jonathan. |
| 245 10 - TITLE STATEMENT | |
| Title | Russia's Cold War : |
| Remainder of title | from the October Revolution to the fall of the wall / |
| Statement of responsibility, etc. | Jonathan Haslam. |
| 260 ## - PUBLICATION, DISTRIBUTION, ETC. | |
| Place of publication, distribution, etc. | New Haven : |
| Name of publisher, distributor, etc. | Yale University Press, |
| Date of publication, distribution, etc. | c2011. |
| 300 ## - PHYSICAL DESCRIPTION | |
| Extent | xvii, 523 p. ; |
| Dimensions | 25 cm. |
| 504 ## - BIBLIOGRAPHY, ETC. NOTE | |
| Bibliography, etc. note | Includes bibliographical references and index. |
| 505 0# - FORMATTED CONTENTS NOTE | |
| Formatted contents note | Underlying antagonisms -- Ideology triumphant -- Cominformity -- On the offensive in Asia -- Thaw -- Sudden frost -- Taking the world to the brink -- Détente -- The impact of Vietnam -- Détente fails -- The Reagan presidency -- Down comes the wall. |
| 650 #0 - SUBJECT ADDED ENTRY--TOPICAL TERM | |
| Topical term or geographic name entry element | Cold War. |
| 651 #0 - SUBJECT ADDED ENTRY--GEOGRAPHIC NAME | |
| Geographic name | Soviet Union |
| General subdivision | Foreign relations |
| Chronological subdivision | 1917-1945. |
| 651 #0 - SUBJECT ADDED ENTRY--GEOGRAPHIC NAME | |
| Geographic name | Soviet Union |
| General subdivision | Foreign relations |
| Chronological subdivision | 1945-1991. |
| 906 ## - LOCAL DATA ELEMENT F, LDF (RLIN) | |
| a | 0 |
| b | vip |
| c | orignew |
| d | 1 |
| e | ecip |
| f | 20 |
| g | y-gencatlg |
| 942 ## - ADDED ENTRY ELEMENTS (KOHA) | |
| Source of classification or shelving scheme | |
| Koha item type | Book |
| Withdrawn status | Lost status | Damaged status | Not for loan | Collection code | Permanent Location | Current Location | Shelving location | Date acquired | Total Checkouts | Full call number | Barcode | Date last seen | Price effective from | Koha item type |
|---|---|---|---|---|---|---|---|---|---|---|---|---|---|---|
| Centre for International Peace & Stability (CIPS) | Centre for International Peace & Stability (CIPS) | General Stacks | 10/02/2013 | 327.4700904 HAS 2011 | CIPS0002213 | 11/21/2013 | 11/21/2013 | Book |
